| 000 | 01251nam0a22002891 4500 | ||
|---|---|---|---|
| 001 | v19\rc\1740755 | ||
| 005 | 20061204151859.7 | ||
| 035 | _a(NLR Aleph) 004889295 | ||
| 090 |
_a5253643 _c5253643 |
||
| 100 | _a20061204e19021902|||y0rusy50 ca | ||
| 101 | 0 | _arus | |
| 102 | _aRU | ||
| 105 | _ay z ||||| | ||
| 200 | 1 |
_aСлово при вступлении на Астраханскую кафедру преосвященнейшего Георгия, епископа Астраханского и Енотаевского _e[Сказано 19 мая в Астрах. каф. соборе] |
|
| 210 |
_aАстрахань _cтип. В.Л. Егорова _d1902 |
||
| 215 |
_a5 с. _d26 |
||
| 309 | _aБез тит. л. | ||
| 311 | _aОтт. из № 11 "Астрах. епарх. вед." за 1902 г. | ||
| 488 | 0 | _12001#$aАстраханские епархиальные ведомости$v1902, № 11 | |
| 700 | 0 |
_aГеоргий _cОрлов, Георгий Поликарпович _f1843-1912 |
|
| 790 | 1 |
_aОрлов _bГ. П. _f1843-1912 _gГеоргий Поликарпович |
|
| 801 | 0 |
_aRU _bNLR _gpsbo |
|
| 801 | 0 |
_aRU _bRuMoRGB _2psbo |
|
| 801 | 1 |
_aRU _bProSoft-M _2rusmarc |
|
| 852 |
_aNLR _j34.83.6.732 |
||
| 942 | _cBOOK | ||
| 980 | _aNB | ||